Bản đồ hành chính thế giới tỷ lệ 1: 35 000 000

Na minha lista:
Detalhes bibliográficos
Formato: Livro
Idioma:Undetermined
Publicado em: Hà Nội Tài nguyên Môi trường và Bản đồ Việt Nam 2010
Assuntos:
Tags: Adicionar Tag
Sem tags, seja o primeiro a adicionar uma tag!
Thư viện lưu trữ: Trung tâm Học liệu Trường Đại học Cần Thơ
LEADER 00599nam a2200181Ia 4500
001 CTU_185484
008 210402s9999 xx 000 0 und d
020 |c 39050 
082 |a 912 
082 |b B105 
245 0 |a Bản đồ hành chính thế giới tỷ lệ 1: 35 000 000 
245 0 |c Tài nguyên Môi trường và Bản đồ Việt Nam 
260 |a Hà Nội 
260 |b Tài nguyên Môi trường và Bản đồ Việt Nam 
260 |c 2010 
650 |a World maps 
904 |i Hải 
980 |a Trung tâm Học liệu Trường Đại học Cần Thơ